000
00198nam a2200097Ia 4500
008
240331s9999 xx 000 0 und d
082
_b
VEN
100
_a
Venkatesh,R
245
0
_a
Nesamudan
942
_c
L
999
_c
4655
_d
4655